The use of supercomputers in observational astronomy (Record no. 9710)
[ view plain ]
| 000 -LEADER | |
|---|---|
| fixed length control field | 01159nam a2200205Ia 4500 |
| 003 - CONTROL NUMBER IDENTIFIER | |
| control field | IN-BaIIA |
| 008 - FIXED-LENGTH DATA ELEMENTS--GENERAL INFORMATION | |
| fixed length control field | 211028s9999 xx 000 0 eng d |
| 040 ## - CATALOGING SOURCE | |
| Transcribing agency | IIA Library |
| 080 ## - UNIVERSAL DECIMAL CLASSIFICATION NUMBER | |
| Universal Decimal Classification number | 52-14:68.3(082.2) |
| Item number | NRA |
| 111 ## - MAIN ENTRY--MEETING NAME | |
| Meeting name or jurisdiction name as entry element | Workshop on the Use of Supercomputers in Observational Astronomy Organised by the National Radio Astronomy Observatory and the Department of Physics and Astronomy of the University of Minnesota |
| Location of meeting | Minneapolis |
| Date of meeting or treaty signing | 1985 Nov. 4-6 |
| 9 (RLIN) | 16416 |
| 245 #4 - TITLE STATEMENT | |
| Title | The use of supercomputers in observational astronomy |
| Remainder of title | proceedings of a workshop on the use of supercomputers in observational astronomy organised by the National Radio Astronomy Observatory and the Department of Physics and Astronomy of the University of Minnesota held in Minneapolis on November 4-6, 1985 |
| Statement of responsibility, etc. | edited by T. J. Cornwell |
| 260 ## - PUBLICATION, DISTRIBUTION, ETC. | |
| Place of publication, distribution, etc. | West Virginia |
| Name of publisher, distributor, etc. | National Radio Astronomy Observatory |
| Date of publication, distribution, etc. | 1988 |
| 300 ## - PHYSICAL DESCRIPTION | |
| Extent | iv, 148p. |
| 490 ## - SERIES STATEMENT | |
| Series statement | NRAO workshop no.15 |
| 650 ## - SUBJECT ADDED ENTRY--TOPICAL TERM | |
| Topical term or geographic name entry element | Astronomy and astrophysics thesaurus |
| 650 ## - SUBJECT ADDED ENTRY--TOPICAL TERM | |
| Topical term or geographic name entry element | Observational astronomy |
| 9 (RLIN) | 3292 |
| 650 ## - SUBJECT ADDED ENTRY--TOPICAL TERM | |
| Topical term or geographic name entry element | Supercomputers |
| 9 (RLIN) | 15232 |
| 700 ## - ADDED ENTRY--PERSONAL NAME | |
| Personal name | Cornwell, T. J., ed. |
| 9 (RLIN) | 16417 |
| 942 ## - ADDED ENTRY ELEMENTS (KOHA) | |
| Koha item type | Books |
| Withdrawn status | Lost status | Damaged status | Not for loan | Home library | Current library | Shelving location | Date acquired | Total Checkouts | Full call number | Barcode | Date last seen | Price effective from | Koha item type |
|---|---|---|---|---|---|---|---|---|---|---|---|---|---|
| IIA Library-Bangalore | IIA Library-Bangalore | General Stacks | 52-14:68.3(082.2)/ NRA | 10620 | 05/11/2021 | Books |